000 00671nam a2200217 a 4500
999 _c3110
_d3110
001 3110
003 BD-JhCC
005 20171109204104.0
008 171109s1968 bg |||| ||a| 000 0 ben d
035 _a(BD-JhCC)3110
040 _aBD-JhCC
_dBD-JhCC
041 _aben
082 _a891.43909
_bUSU 1968
100 _a ইউসুফ, মনির উদদীন
245 _aউর্দূ সাহিত্যের ইতিহাস /
_cমনির উদদীন ইউসুফ
260 _aঢাকা :
_bবাংলা একাডেমী,
_c1968.
300 _a423 p. :
_c22 cm.
650 _aUrdu Literature
942 _2ddc
_cBK